| 000 | 01052nam a2200313 a 4500 | ||
|---|---|---|---|
| 001 | 2572357 | ||
| 003 | OSt | ||
| 005 | 20230626140644.0 | ||
| 008 | 950922s1995 sa a b 001 0 eng | ||
| 010 | _a 95207211 | ||
| 020 | _a1868126021 | ||
| 040 |
_aDLC _cDLC |
||
| 043 | _af-sa--- | ||
| 082 | 0 | 0 |
_a332.096 _bFAM |
| 245 | 0 | 4 |
_aThe South African financial system / _ceditors, H.B. Falkena, L.J. Fourie, W.J. Kok. |
| 250 | _a1st ed. | ||
| 260 |
_aHalfway House [South Africa] : _bSouthern Book Publishers, _c1995. |
||
| 300 |
_a501 p. : _bill. ; _c23 cm. |
||
| 504 | _aIncludes bibliographical references and index. | ||
| 650 | 0 |
_aFinance _zSouth Africa. |
|
| 650 | 0 |
_aBanks and banking _zSouth Africa. |
|
| 650 | 0 |
_aMonetary policy _zSouth Africa. |
|
| 700 | 1 |
_aFalkena, H. B., _d1945- |
|
| 700 | 1 | _aFourie, L. J. | |
| 700 | 1 | _aKok, W. J. | |
| 906 |
_a7 _bcbc _corignew _d3 _encip _f19 _gy-gencatlg |
||
| 942 |
_2ddc _cBK |
||
| 999 |
_c2742 _d2742 |
||